000 00429nmm a2200145Ia 4500
008 251105s9999||||xx |||||||||||||||||und||
041 _aspa
100 _aFeliu Mateu, Lluís
245 0 _aLa escritura cuneiforme
264 _a[Madrid, España] :
_bUniversitat Oberta de Catalunya,
_c2016
300 _a96 páginas
650 _aHistory of language
856 _uhttps://public.digitaliapublishing.com/a/43977
942 _cCF
999 _c106254
_d106254